000
00293nam a2200121 a 4500
008
101209s1971|||| d
100
1
_a
Lassus, Jean
245
1
0
_a
Ranokresťanské a byzantské umenie
260
_b
Pallas
_a
Bratislava
_c
1971
020
_c
95
041
_a
slo
044
_a
xo
_c
SK
999
_c
15030
_d
15030